000 00717nam a2200193Ii 4500
003 JO-AjNU
008 230605s9999||||xx |||||||||||||| ||und||
040 _aJO-AjNU
_bara
_erda
_cJO-AjNU
041 _aara
050 1 4 _aHJ7921 .K4242 1984
100 3 _aخربوش، حسني علي,
_eauthor
_915256
245 0 0 _aتنسيق النفقات العامة بين الدول العربية
264 3 1 _aالاسكندرية: مؤسسة شباب الجامعة، 1984
300 _a732ص
_bيحتوي على ببلوغرافية من 707-732ص
336 _atext
_btxt
_2rdacontent
337 _aunmediated
_bn
_2rdamedia
338 _avolume
_bnc
_2rdacarrier
650 4 _aمالية عامة - عالم عربي
_915257
999 _aA4265
_c7833
_d7833